Guess that NBA players - Statistics

General Stats
  • This quiz has been taken 53 times
  • The average score is 11 of 16
Answer Stats
Picture Answer % Correct
LeBron James
98%
Stephen Curry
84%
Tim Duncan
84%
Jerry west
82%
Kevin Durant
82%
Allen Iverson
80%
Jayson Tatum
80%
Larry bird
80%
James harden
78%
Magic Johnson
78%
Wilt chamberlain
76%
Bill Russell
69%
Kevin Garnett
69%
Russel Westbrook
20%
Michal Jordan
11%
Akeem Olajuwon
4%
No matching quizzes found
Score Distribution
Percent of People with Each Score
Percentile by Number Answered
Your Score History
You have not taken this quiz